00000000cas 2200000zi 4500
0019.958185
003CaOODSP
00520251211140418
006m     o  d f      
007cr |||||||||||
008251201d1982198uoncux m o    f0###b0fre|d
022 |a0714-3583
040 |aCaOODSP|bfre|erda|cCaOODSP
043 |an-cn---
0861 |aJS3-3F-PDF
24500|aImpact.
264 1|a[Ottawa] : |bSoliciteur général Canada, Direction des programmes, |c1982-198u.
310 |aIrrégulier
336 |atexte|btxt|2rdacontent/fre
337 |ainformatique|bc|2rdamedia/fre
338 |aressource en ligne|bcr|2rdacarrier/fre
3621 |aParaît depuis: no. 1; ne paraît plus après: ??
500 |aPublié aussi en anglais sous le titre : Impact.
500 |aÉdition numérisée de l'imprimé [par Sécurité publique Canada].
650 6|aJustice pénale|xAdministration|zCanada.
650 6|aStatistiques criminelles|zCanada.
7101 |aCanada. |bSolliciteur général Canada, |eorganisme de publication.
77508|tImpact.|w(CaOODSP)9.958186